000
00228nam a2200097Ia 4500
008
240331s9999 xx 000 0 und d
082
_b
SUN
100
_a
Sundarampillai, N
245
0
_a
Yarlpanathil antha aaru mathankal
942
_c
L
999
_c
1441
_d
1441